Data structures and algorithms in Java / (Record no. 35572)

MARC details
000 -LEADER
fixed length control field 00489nam a22001697a 4500
005 - DATE AND TIME OF LATEST TRANSACTION
control field 20240422145623.0
008 - FIXED-LENGTH DATA ELEMENTS--GENERAL INFORMATION
fixed length control field 240422b |||||||| |||| 00| 0 eng d
020 ## - INTERNATIONAL STANDARD BOOK NUMBER
ISBN 9971513374
245 ## - TITLE STATEMENT
Title Data structures and algorithms in Java /
Statement of responsibility, etc. Roberto Tamassia
250 ## - EDITION STATEMENT
Edition statement 2nd ed.
260 ## - PUBLICATION, DISTRIBUTION, ETC.
Place of Publication india:
Name of publisher, distributor, etc. Apress;
Date of publication, distribution, etc. 2001.
300 ## - PHYSICAL DESCRIPTION
Pages xiii, 641 p. :
500 ## - GENERAL NOTE
General note include index.
650 ## - SUBJECT ADDED ENTRY--TOPICAL TERM
Subject / Department computer science/java programming language
700 ## - ADDED ENTRY--PERSONAL NAME
Personal name Roberto Tamassia
300 ## - PHYSICAL DESCRIPTION
-- ill;
-- 23 cm.
952 ## - LOCATION AND ITEM INFORMATION (KOHA)
-- 0
-- 0
Holdings
Lost status Damaged status Collection code Permanent Location Current Location Shelving Location Date acquired Full Call Number Accession No./Barcode Date last seen item type Koha item type
    CS/IT Superior Information Resource Center (SIRC) Superior University- Gold Campus Superior Information Resource Center (SIRC) Superior University- Gold Campus Java programming language 04/22/2024 005.76 GOO-D 2001 16775 04/22/2024 BOOK BOOK

Powered by Koha